00908nam a2200181Ia 4500001001300000003001000013008004100023040002500064041000700089100001100096240005600107245010000163250001100263260004700274300001200321500037700333650001600710onu25-47439 IT-MiCISF161014s9999||||xx |||||||||||||| ||und|| aIT-MiCISFcIT-MiCISF aen aAA.VV. aHow Generations and Gender Shape Demographic Change 0aHow Generations and Gender Shape Demographic ChangebTowards Policies Based on Better Knowledge a1a ed. a New York and GenevabUnited Nationsc2009 app. 173 aUnited Nations Economic Commission for Europe - Billari F.C., Daatland S.O., De Jong Gierveld J., Hobcraft J., Hornung A., Konietzka D., Kreyenfeld M., Lima I.A., Neyer G., Pailhé A., Rieck D., Slagsvold B. / popolazione, fertilità, denatalità, politica-familiare, lavoro, famiglia, madre-lavoratrice, giovane-adulto, anziani, rapporti-intergenerazionali / documento apopolazione